00973nam a2200229 45000010006000000050017000060080041000230200015000640200015000790400011000940820012001051000022001172450059001392600040001983000031002385210111002697000029003809420012004099990017004219520152004389520153005901307620250704090104.0250704b |||||||| |||| 00| 0 eng d a0719546214 a0719546222 aBSULIB a500 BOY aBoyd, Joe 915467 aUnderstanding science 1/cJoe Boyd and Walter Whitelaw aLondon: bJohn Murray Ltd; c1989.  a144p.bill. (col.)c26cm.  aThis is science Look alive Solutions Science in action Scale skills Light thoughts Small beginnings  aWhitelaw, Walter 925391 2ddccBK c13076d13076 00102ddc4070absubbsucOSd2025-07-04i8721l0o500 BOYpbsu25070543r2025-07-04 09:03:59t001w2025-07-04yBKzMaterial available in hard copy 00102ddc4070absubbsucOSd2025-07-04i24996l0o500 BOYpbsu25070544r2025-07-04 09:07:57t002w2025-07-04yBKzMaterial available in hard copy